Countries that Beat Costa Rica - Statistics

General Stats
  • This quiz has been taken 306 times
  • The average score is 8 of 15
Answer Stats
Rank Category Countries % Correct
2 Highest life expectancy in America Canada
96%
14 Smallest country bordering exactly two others Liechtenstein | Andorra | Lebanon | Eswatini | Kuwait | El Salvador | Belize | Equatorial Guinea | Moldova | Guinea-Bissau | Bhutan | Netherlands | Estonia
86%
4 Least populous Spanish-speaking country Equatorial Guinea | Uruguay | Panama
78%
4 Smallest starting with C Comoros | Cape Verde | Cyprus
70%
2 Home to most of the Nicaraguan diaspora United States
69%
5 Highest press freedom [1] Norway | Finland | Sweden | Denmark
67%
4 Pineapple production [3] Brazil | Thailand | Philippines
65%
3 Highest % of white population in Latin America Uruguay | Argentina
58%
5 Most visited country by Americans (U.S.) [2] * among countries < 20 million people Dominican Republic | Netherlands | Jamaica | Ireland
55%
6 Latest American country to directly gainindependence from Spain Honduras | Chile | Uruguay | Peru | Venezuela
53%
3 Largest country with NO military Iceland | Panama
50%
3 Most populous capital starting with some form of "Saint" Chile | Dominican Republic
37%
3 Smallest country bordering two oceans [4] East Timor | Israel
31%
5 Highest coffee production [5] * among those smaller than 300 km2 Honduras | Uganda | Guatemala | Nicaragua
22%
5 Lowest HDI among those with "Very High" HDI Mauritius | Serbia | Kuwait | Malaysia
10%
No matching quizzes found
Score Distribution
Percent of People with Each Score
Percentile by Number Answered
Your Score History
You have not taken this quiz